000
00320nam a22001217a 4500
008
241016b |||||||| |||| 00| 0 eng d
022
_a
07439156
041
_a
Eng
245
_a
Journal Of Public Policy & Marketing
260
_a
Dehli
_b
Sage Publication
_c
2024
856
_u
journals.sagepub.com/home/ppo
942
_c
SR
_s
1
999
_c
42345
_d
42345